01461nam a2200313 a 450000500170000000800410001702000180005809200190007610000340009524500720012925000210020126000340022230000120025650001220026865300360039065300570042665300690048365300740055265300390062665300530066565300620071865300550078065300360083565300620087170000330093394200120096699900150097895201540099320241202110136.0241128e2022 ag ||||f |||| 001 0 spa d a9789502326320 c613.2l84sTOR1 aTorresani, Maria Elena 94230 aLineamientos para el cuidado nutricional /cMaría Elena Torresani a4a ed. 2a reimp. aBuenos Aires:bEUDEBA;c2022. a1151 p. aTorresani, M. E. y Somoza, M. I. (2022). Lineamientos para el cuidado nutricional. (4a ed.). Buenos Aires : EUDEBA.  aProceso del cuidado nutricional aCuidado nutricional en situaciones de malnutrición aCuidado nutricional en patologías de riesgo cardiometabólico aCuidado nutricional en situaciones clínicas prevalentes en la mujer aCuidados para el apoyo nutricional aCuidado nutricional en situaciones metabólicas aCuidado nutricional en patologías del aparato digestivo aCuidado nutricional en situaciones perioperatorias aInteracción farmaco-nutriente aLa consulta al nutricionista y el devenir del tratamiento1 aSomoza, María Inés94231 2ddccBK c3216d3216 00102ddc40708NFICaBFMbBFMcCRd2024-11-28eFondos UNComahue g32130.00l3o613.2 84 TOR p4946r2026-05-26s2026-05-19tEj. 1w2024-11-28yBKf